000 009350000a22002290004500
090 _aAR
_b00997
245 1 0 _aWater and nutrient fluxes in two montane rain forest canopies, Central cordillera, Colombia
246 3 _aFlujos de agua y nutrientes en el dosel de dos bosques montanos en la cordillera Central Colombia
650 1 4 _aBosques montanos tropicales
_994190
650 1 4 _aEcosistemas
_992256
650 1 4 _aFlujos de agua
_994191
650 1 4 _aEpífitas
_993825
650 1 4 _aProducción primaria
_993789
651 4 _lParque de los Nevados
_dCaldas
_pColombia
_992749
651 4 _lParque de los Nevados
_dRisaralda
_pColombia
_992749
651 4 _lParque de los Nevados
_dQuindio
_pColombia
_992749
651 4 _lParque de los Nevados
_dTolima
_pColombia
_992749
041 0 _aEspañolInglés
100 1 _aVeneklaas, Erik Jan
_911136
942 _cARTICULO
773 1 _tStudies on Tropical Andean Ecosystems
_3359
_q463-474
_d1993?
999 _c10085
_d10085